|
|
|
|
| LEADER |
00000nam0a2200000 4500 |
| 001 |
114649 |
| 005 |
20231101215215.0 |
| 010 |
|
|
|a 9785358035935
|b (в пер.)
|b 3000 экз.
|
| 021 |
|
|
|a RU
|b 08-53314
|9 08-2951
|
| 035 |
|
|
|a (RuTPU)RU\TPU\book\123991
|
| 090 |
|
|
|a 114649
|
| 100 |
|
|
|a 20080808d2008 m y0rusy5002 ca
|
| 101 |
0 |
|
|a rus
|
| 102 |
|
|
|a RU
|
| 105 |
|
|
|a a j 001yy
|
| 200 |
1 |
|
|a Начертательная геометрия: теория и практика
|e учебник
|f Л. Г. Нартова, В. И. Якунин
|
| 210 |
|
|
|a Москва
|c Дрофа
|d 2008
|
| 215 |
|
|
|a 303 с.
|c ил.
|
| 225 |
1 |
|
|a Высшее образование
|
| 320 |
|
|
|a Предм. указ.: с. 298-300.
|
| 320 |
|
|
|a Библиогр.: с. 297.
|
| 330 |
|
|
|a В учебнике приведен достаточный теоретический материал, не требующий обращения к другим источникам, изложены методы построения изображений пространственных геометрических форм на плоскости. Большое внимание уделено вопросам, связанным с приложением начертательной геометрии к решению практических задач. Большинство задач и примеров сопровождается решениями, поэтому книга может быть полезна при самостоятельном изучении предмета. Разные варианты решения одной и той же задачи способствуют более глубокому изучению предмета. Для студентов вузов, обучающихся по направлениям подготовки дипломированных специалистов в области техники и технологии.
|
| 451 |
|
1 |
|0 (RuTPU)RU\TPU\book\173303
|y 978-5-358-04161-5
|t Начертательная геометрия
|o учебник
|f Л. Г. Нартова, В. И. Якунин
|e 3-е изд., стер.
|c М.
|n Дрофа
|d 2008
|p 208 с.
|a Нартова, Лидия Григорьевна
|
| 451 |
|
1 |
|0 (RuTPU)RU\TPU\book\91008
|y 5-7695-1918-5
|t Начертательная геометрия
|o учебное пособие
|f Л. Г. Нартова, В. И. Якунин
|c М.
|n Академия
|d 2005
|p 287, [1] с.
|s Высшее профессиональное образование. Общетехнические дисциплины
|a Нартова, Лидия Григорьевна
|
| 606 |
1 |
|
|a Начертательная геометрия
|2 stltpush
|3 (RuTPU)RU\TPU\subj\45211
|9 64468
|
| 610 |
1 |
|
|a учебники
|
| 610 |
1 |
|
|a позиционные задачи
|
| 610 |
1 |
|
|a прямоугольные проекции
|
| 610 |
1 |
|
|a метрические свойства
|
| 610 |
1 |
|
|a комплексные чертежи
|
| 610 |
1 |
|
|a преобразование
|
| 610 |
1 |
|
|a кривые линии
|
| 610 |
1 |
|
|a проекционные свойства
|
| 610 |
1 |
|
|a обводы
|
| 610 |
1 |
|
|a поверхности
|
| 610 |
1 |
|
|a пересечение
|
| 610 |
1 |
|
|a плоскости
|
| 610 |
1 |
|
|a касательные
|
| 610 |
1 |
|
|a очертания
|
| 610 |
1 |
|
|a развертки
|
| 610 |
1 |
|
|a аксонометрические проекции
|
| 610 |
1 |
|
|a геометрия
|
| 675 |
|
|
|a 514.18(075.8)
|v 3
|
| 700 |
|
1 |
|a Нартова
|b Л. Г.
|g Лидия Григорьевна
|
| 701 |
|
1 |
|a Якунин
|b В. И.
|g Вячеслав Иванович
|
| 801 |
|
1 |
|a RU
|b 63413507
|c 20070424
|g PSBO
|
| 801 |
|
2 |
|a RU
|b 63413507
|c 20201201
|g PSBO
|
| 900 |
|
|
|a Начертательная геометрия
|
| 900 |
|
|
|a Начертательная геометрия и графика
|
| 900 |
|
|
|a Начертательная геометрия, инженерная графика
|
| 900 |
|
|
|a Начертательная геометрия. Инженерная графика
|
| 942 |
|
|
|c BK
|
| 952 |
|
|
|a 550000
|
| 959 |
|
|
|a 93/20081022
|d 9
|e 0
|f ЧЗТЛ:2
|f АНЛ:2
|f УФ:5
|